LEADER 01165nam a2200289 i 4500 001 991001997749707536 005 20250416135148.0 008 000426s1995 it er 001 0 ita 020 $a8880661280 035 $ab10944163-39ule_inst 035 $aPARLA152635$9ExL 040 $aDip.to Scienze pedagogiche$bita 082 04$a306 245 00$aAntropologia storica :$bmateriali per un dibattito /$c(a cura di) Gilberto Mazzoleni, Adriano Santiemma, Vito Lattanzi 260 $aRoma :$bEUROMA,$cstampa 1995 300 $a397 p. ;$c23 cm. 490 0 $aCollana di contributi di antropologia storica 650 4$aAntropologia culturale 700 1 $aMazzoleni, Gilberto$eauthor$4http://id.loc.gov/vocabulary/relators/aut$0143431 700 1 $aSantiemma, Adriano$eauthor$4http://id.loc.gov/vocabulary/relators/aut$0144574 700 1 $aLattanzi, Vito 907 $a.b10944163$b23-02-17$c28-06-02 912 $a991001997749707536 945 $aLE022 306 MAZ01.01$g1$i2022000003346$lle022$o-$pE0.00$q-$rl$s-$t0$u1$v0$w1$x0$y.i11051322$z28-06-02 996 $aAntropologia storica$94369436 997 $aUNISALENTO 998 $ale022$b01-01-00$cm$da$e-$fita$git$h0$i1 LEADER 02850nam 22005895 450 001 9910483398003321 005 20250626163600.0 010 $a3-030-64719-6 024 7 $a10.1007/978-3-030-64719-3 035 $a(CKB)4100000011610049 035 $a(MiAaPQ)EBC6407620 035 $a(DE-He213)978-3-030-64719-3 035 $a(PPN)252504747 035 $a(EXLCZ)994100000011610049 100 $a20201123d2021 u| 0 101 0 $aeng 135 $aurnn|008mamaa 181 $ctxt$2rdacontent 182 $cc$2rdamedia 183 $acr$2rdacarrier 200 10$aAdvances in Engineering Research and Application $eProceedings of the International Conference on Engineering Research and Applications, ICERA 2020 /$fedited by Kai-Uwe Sattler, Duy Cuong Nguyen, Ngoc Pi Vu, Banh Tien Long, Horst Puta 205 $a1st ed. 2021. 210 1$aCham :$cSpringer International Publishing :$cImprint: Springer,$d2021. 215 $a1 online resource (XIV, 886 p. 520 illus., 396 illus. in color.) 225 1 $aLecture Notes in Networks and Systems,$x2367-3389 ;$v178 311 08$a3-030-64718-8 320 $aIncludes bibliographical references and index. 330 $aThis proceedings book features volumes gathered selected contributions from the International Conference on Engineering Research and Applications (ICERA 2020) organized at Thai Nguyen University of Technology on December 1?2, 2020. The conference focused on the original researches in a broad range of areas, such as Mechanical Engineering, Materials and Mechanics of Materials, Mechatronics and Micromechatronics, Automotive Engineering, Electrical and Electronics Engineering, and Information and Communication Technology. Therefore, the book provides the research community with authoritative reports on developments in the most exciting areas in these fields. . 410 0$aLecture Notes in Networks and Systems,$x2367-3389 ;$v178 606 $aEngineering mathematics 606 $aEngineering$xData processing 606 $aMechanical engineering 606 $aElectrical engineering 606 $aMathematical and Computational Engineering Applications 606 $aMechanical Engineering 606 $aElectrical and Electronic Engineering 615 0$aEngineering mathematics. 615 0$aEngineering$xData processing. 615 0$aMechanical engineering. 615 0$aElectrical engineering. 615 14$aMathematical and Computational Engineering Applications. 615 24$aMechanical Engineering. 615 24$aElectrical and Electronic Engineering. 676 $a620.0023 702 $aSattler$b Kai-Uwe 801 0$bMiAaPQ 801 1$bMiAaPQ 801 2$bMiAaPQ 906 $aBOOK 912 $a9910483398003321 996 $aAdvances in Engineering Research and Application$92994667 997 $aUNINA